[Event "Marseille op 5th"]
[Site "Marseille"]
[Date "2012.12.26"]
[Round "2"]
[White "Lagarde, Benjamin"]
[Black "Ulloa, Philippe"]
[Result "1-0"]
[WhiteElo "1736"]
[BlackElo "1469"]
[PlyCount "89"]
[EventDate "2012.12.26"]
[EventType "swiss"]
[EventRounds "9"]
[EventCountry "FRA"]
[SourceTitle "EXT 2014"]
[Source "ChessBase"]
[SourceDate "2013.11.20"]
[SourceVersion "1"]
[SourceVersionDate "2013.11.20"]
[SourceQuality "1"]

1. e4 d5 2. exd5 Nf6 3. Nc3 Nxd5 4. Nxd5 Qxd5 5. Nf3 Bg4 6. Be2 Qe4 7. d3 Qc6 8. 0-0 Nd7 9. Be3 h6 10. Qd2 Qg6 11. Kh1 e6 12. Nd4 Bd6 13. Nb5 0-0 14. Nxd6 cxd6 15. f3 Bh3 16. gxh3 Qh5 17. Rg1 Kh7 18. Rg3 f5 19. Rag1 Rf7 20. f4 Qh4 21. Bf2 Qf6 22. c3 b6 23. Bh5 Re7 24. Rg6 Qf8 25. Bh4 Nf6 26. Bxf6 gxf6 27. Qf2 Qh8 28. Qd4 Rf8 29. Qxd6 Rff7 30. Rg8 Qxg8 31. Rxg8 Kxg8 32. Bxf7+ Kxf7 33. d4 h5 34. Kg2 h4 35. Kf3 Ke8 36. Qc6+ Kf7 37. d5 exd5 38. Qxd5+ Kg6 39. c4 Rc7 40. b4 a6 41. c5 bxc5 42. bxc5 Re7 43. Qg8+ Rg7 44. Qxg7+ Kxg7 45. c6 1-0

[Event "Marseille op 4th"]
[Site "Marseille"]
[Date "2011.12.28"]
[Round "6"]
[White "Ulloa, Philippe"]
[Black "Potratz, Yannick"]
[Result "1-0"]
[WhiteElo "1460"]
[BlackElo "1300"]
[PlyCount "54"]
[EventDate "2011.12.26"]
[EventType "swiss"]
[EventRounds "9"]
[EventCountry "FRA"]
[SourceTitle "CBM 146 Extra"]
[Source "ChessBase"]
[SourceDate "2012.02.29"]
[SourceVersion "1"]
[SourceVersionDate "2012.02.29"]
[SourceQuality "1"]

1. d4 d5 2. c4 e6 3. a3 Be7 4. e3 Nf6 5. Nf3 0-0 6. Bd3 Nbd7 7. b3 b6 8. Nbd2 Bb7 9. 0-0 Rc8 10. Bb2 dxc4 11. bxc4 c5 12. Re1 cxd4 13. e4 Nc5 14. Bb1 d3 15. h3 Ncxe4 16. Ne5 Nc5 17. Re3 Ba6 18. a4 Bd6 19. Nxd3 Nxd3 20. Rxd3 Bxc4 21. Nxc4 Rxc4 22. Rxd6 Qb8 23. Be5 Qc8 24. Bd3 Rc6 25. Rd4 Rc3 26. Bxf6 gxf6 27. Bxh7+ Kxh7 1-0

[Event "Marseille op 2nd "]
[Site "Marseille"]
[Date "2009.12.28"]
[Round "5"]
[White "Lepeigneux, Jean Jacques"]
[Black "Ulloa, Philippe"]
[Result "0-1"]
[WhiteElo "1645"]
[BlackElo "1459"]
[PlyCount "86"]
[EventDate "2009.12.26"]
[EventType "swiss"]
[EventRounds "9"]
[EventCountry "FRA"]
[SourceTitle "CBM 134 Extra"]
[Source "ChessBase"]
[SourceDate "2010.03.03"]
[SourceVersion "1"]
[SourceVersionDate "2010.03.03"]
[SourceQuality "1"]

1. e4 d5 2. exd5 Nf6 3. c4 c6 4. dxc6 Nxc6 5. Nf3 Bg4 6. Be2 e6 7. h3 Bh5 8. b3 Bc5 9. Bb2 Ne4 10. 0-0 Ng3 11. Re1 Qb6 12. d4 Bb4 13. Bc3 Bxf3 14. Bxf3 Nf5 15. Bxc6+ bxc6 16. Bxb4 Qxb4 17. d5 Rd8 18. a3 Qb6 19. b4 cxd5 20. cxd5 0-0 21. Nc3 Rd6 22. Qb3 Nd4 23. Qa2 Rfd8 24. Rad1 exd5 25. Na4 Nf3+ 26. gxf3 Rg6+ 27. Kf1 Qa6+ 28. Qe2 Qxa4 29. Rxd5 Rf8 30. Qe7 Qa6+ 31. b5 Qc8 32. Rd7 Qc4+ 33. Re2 Re6 34. Qxf8+ Kxf8 35. Rd8+ Ke7 36. Rdd2 Qc1+ 37. Kg2 Qxa3 38. Ra2 Qc5 39. Rac2 Qg5+ 40. Kf1 Qxb5 41. Rb2 Qf5 42. Rb7+ Kf6 43. Rd2 Qxf3 0-1

[Event "Marseille op 2nd "]
[Site "Marseille"]
[Date "2009.12.27"]
[Round "4"]
[White "Ulloa, Philippe"]
[Black "Capocci, Carlos"]
[Result "0-1"]
[WhiteElo "1459"]
[BlackElo "1750"]
[PlyCount "94"]
[EventDate "2009.12.26"]
[EventType "swiss"]
[EventRounds "9"]
[EventCountry "FRA"]
[SourceTitle "CBM 134 Extra"]
[Source "ChessBase"]
[SourceDate "2010.03.03"]
[SourceVersion "1"]
[SourceVersionDate "2010.03.03"]
[SourceQuality "1"]

1. d4 Nf6 2. c4 e6 3. e3 d5 4. a3 c6 5. Nf3 Bd6 6. Bd2 Qe7 7. Bc3 Ne4 8. cxd5 exd5 9. Bd3 f5 10. Qc2 Nd7 11. Nbd2 0-0 12. Nf1 Ndf6 13. h3 f4 14. 0-0-0 Be6 15. Kb1 Kh8 16. Re1 Nxc3+ 17. Qxc3 Ne4 18. Qc2 c5 19. Re2 c4 20. Bxe4 dxe4 21. N3d2 Bf5 22. Qc3 f3 23. Re1 fxg2 24. Rg1 gxf1Q 25. Rexf1 b5 26. Rh1 b4 27. Qxc4 bxa3 28. b3 Rfc8 29. Qe2 Qb7 30. Rc1 Be6 31. Ka2 Rab8 32. Rxc8+ Rxc8 33. Nc4 Rxc4 34. Qd2 Rb4 35. Ka1 Rxb3 36. Qa5 Qc7 37. Qd2 Qc3+ 38. Qxc3 Rxc3 39. Kb1 Bc4 40. Ka1 h6 41. h4 Bb4 42. Rd1 Bd5 43. Rb1 a5 44. Rf1 Rc2 45. f3 Re2 46. fxe4 Bxe4 47. Rf8+ Bxf8 0-1

[Event "FRA-ch op-D"]
[Site "Pau"]
[Date "2008.08.20"]
[Round "8"]
[White "Parisot, Anthony"]
[Black "Ulloa, Philippe"]
[Result "0-1"]
[WhiteElo "1490"]
[BlackElo "1440"]
[PlyCount "112"]
[EventDate "2008.08.11"]
[EventType "swiss"]
[EventRounds "9"]
[EventCountry "FRA"]
[SourceTitle "CBM 126 Extra"]
[Source "ChessBase"]
[SourceDate "2008.11.05"]
[SourceVersion "1"]
[SourceVersionDate "2008.11.05"]
[SourceQuality "1"]

1. Nf3 d5 2. d4 Nf6 3. c4 e6 4. Nc3 Be7 5. Bg5 c6 6. e3 0-0 7. Bd3 dxc4 8. Bxc4 b5 9. Be2 a6 10. 0-0 Nd5 11. Bxe7 Qxe7 12. Rc1 Bb7 13. Qc2 Nd7 14. Nxd5 cxd5 15. Qc7 Rab8 16. Ne5 Rfc8 17. Qxd7 Kf8 18. Rxc8+ Rxc8 19. Qxe7+ Kxe7 20. Rb1 f6 21. Nd3 Rc7 22. Rc1 Bc6 23. Kf1 a5 24. b4 a4 25. Nf4 Kd6 26. h4 g6 27. g4 e5 28. dxe5+ fxe5 29. Nd3 h6 30. f4 exf4 31. exf4 d4 32. Kf2 Rf7 33. Bf3 Bd7 34. Rc5 Be8 35. Rd5+ Kc7 36. Rxd4 g5 37. hxg5 hxg5 38. f5 Rh7 39. Kg2 Kb6 40. a3 Rc7 41. Nc5 Re7 42. Rd3 Re1 43. Kf2 Ra1 44. Ke3 Bf7 45. Bd5 Bxd5 46. Rxd5 Rxa3+ 47. Rd3 Ra1 48. Rd4 Rb1 49. Kd3 a3 50. Kc2 a2 51. Rd1 Rxd1 52. Kxd1 a1Q+ 53. Ke2 Qb2+ 54. Ke3 Qxb4 55. Nd3 Qxg4 56. f6 Qe6+ 0-1

[Event "FRA-ch op-D"]
[Site "Pau"]
[Date "2008.08.15"]
[Round "4"]
[White "Ulloa, Philippe"]
[Black "Van den Abeele, Hendrik"]
[Result "0-1"]
[WhiteElo "1440"]
[BlackElo "1499"]
[PlyCount "82"]
[EventDate "2008.08.11"]
[EventType "swiss"]
[EventRounds "9"]
[EventCountry "FRA"]
[SourceTitle "CBM 126 Extra"]
[Source "ChessBase"]
[SourceDate "2008.11.05"]
[SourceVersion "1"]
[SourceVersionDate "2008.11.05"]
[SourceQuality "1"]

1. d4 d5 2. c4 dxc4 3. e4 b5 4. a4 bxa4 5. Bxc4 e6 6. Bb5+ Bd7 7. Bxa4 Bb4+ 8. Nc3 a5 9. Nf3 Ne7 10. 0-0 0-0 11. Bxd7 Nxd7 12. Bf4 Ng6 13. Bg3 c6 14. e5 Nb6 15. Ne2 Nd5 16. Qa4 Rc8 17. Rfc1 Qb6 18. Rc2 Qb5 19. Qb3 Rc7 20. Nc3 Bxc3 21. Qxb5 cxb5 22. bxc3 Rxc3 23. Rxc3 Nxc3 24. Rxa5 Ne7 25. Kf1 b4 26. Nd2 Ned5 27. Nb3 g5 28. f3 h5 29. Be1 Rc8 30. Ra1 Kg7 31. Bd2 Kg6 32. h3 f6 33. g4 fxe5 34. dxe5 Nb5 35. Bc1 Rc3 36. Nd2 b3 37. Ke1 Nd4 38. Kf2 Nf4 39. Bb2 Rc2 40. Bxd4 Rxd2+ 41. Ke3 Re2# 0-1